000 00847nam a2200229 i 4500
001 113142
003 ES-MaACL
005 20251122063121.0
007 t|
008 061121s1985 sp |||| | spa d
080 _a34:396(=927)
100 1 _aMuttahiri, Murtada,
_d1920-1980
_9158259
245 1 4 _aLos derechos de la mujer en el Islam /
_cMurteza Mutahari ; [traducido al español, Embajada de la República Islámica de Irán en Madrid].
250 _a1ª ed.
260 _aMadrid :
_bEmbajada de la República Islámica del Irán,
_c1985.
300 _aXVIII, 302 p. ;
_c22 cm.
650 4 _aMujeres-
_xEstatuto jurídico (Derecho musulmán)
_9158260
650 _aMujeres-
_xAspectos religiosos-
_xIslamismo.
_9158261
710 1 _aIrán.
_bEmbajada (España)
_9158257
852 4 _aES-MaACL
_jL-9264
999 _c113142
_d113142